000 00783nam a2200205 i 4500
001 46639
003 ES-MaACL
005 20250405121137.0
007 t|
008 030331s1925 pn ||||1| spa d
245 0 0 _aCongreso Panamericano conmemorativo del de Bolivar
_b: constitución, reglamento y temas.
260 _aPanamá :
_b[s.n.],
_c1925 (
_fImp. Nacional)
300 _a34 p. :
_bil. ;
_c23 cm.
530 _aDisponible en formato digital.
611 2 4 _aCongreso Pan-Americano Conmemorativo del de Bolívar.
_d1926.
_cPanamá)
_9158945
852 _aES-MaACL
_j1689-F-21
_9 48380
_cDEPOF
_zRevisado enlace: 05 de Abril de 2025
856 _uhttp://bdh-rd.bne.es/viewer.vm?id=0000175572&page=1
_yBiblioteca Digital Hispánica
942 _2udc
999 _c46639
_d46639